000 00644nam a22001935i 4500
001 165551
003 ES-MaACL
005 20230906213148.0
008 000922s1871 fr |||| | fre d
040 _aEXT
_bspa
_cEXT
100 1 _aSonnet, Hyppolyte.
_9132817
245 1 0 _aDictionnaire des mathématiques aplliquées
_b: comprenant les principales applications des mathématiques ... /
_cpar H. Sonnet ...
260 _aParis :
_bLibrairie Hachette et Cie.,
_c1871.
300 _a1474 p. :
_bil. ;
_c26 cm.
597 1 _aAntep.
597 1 _aSignaturizado.
752 _aFrancia -
_dParis
852 _aES-MaACL
_jB-4630
_z-- Enc. hol.
999 _c165551
_d165551